| 000 | 00674cam a22001935a 4500 | ||
|---|---|---|---|
| 001 | L156583 | ||
| 008 | 120611s1934 xxk f 000 0 eng d | ||
| 035 | _a(Sirsi) u156583 | ||
| 041 | 0 | _aeng | |
| 110 | 2 |
_aNational Association of Auctioneers, House Agents, Rating Surveyors and Valuers _94989 |
|
| 245 | 0 | 0 | _aSeventh annual dinner |
| 260 |
_a[S.l.] _b[NAA] _c1934 |
||
| 300 |
_a[4 p.] _c18 cm. |
||
| 520 | _aProvides details of the menu and entertainment for the seventh annual dinner of the NAA, held on 2 February 1934, at the Metropole Hotel, London. | ||
| 651 | 4 |
_aGreat Britain _y1707- |
|
| 690 |
_aAuctioneering _96218 |
||
| 690 |
_aValuation _96273 |
||
| 942 | _n0 | ||
| 999 |
_c114301 _d114301 |
||